Eureka: descubrimientos científicos que cambiaron el mundo
Na minha lista:
| Autor principal: | |
|---|---|
| Formato: | Livro |
| Idioma: | espanhol |
| Publicado em: |
Barcelona
Paidós Ibérica
2003
|
| Assuntos: | |
| Tags: |
Adicionar Tag
Sem tags, seja o primeiro a adicionar uma tag!
|
MARC
| LEADER | 00000nam a2200000 a 4500 | ||
|---|---|---|---|
| 001 | UCJ2506 | ||
| 003 | CL-VaPUC | ||
| 008 | 061222e20030000SP |||||||||||||||||spa|d | ||
| 020 | |a 8449313546 | ||
| 082 | 0 | 4 | |a 609 |b HOR |2 21 |
| 100 | 0 | |a Horvitz, Leslie Alan |e author |9 503451 | |
| 245 | 1 | 0 | |a Eureka: descubrimientos científicos que cambiaron el mundo |
| 300 | |a 254 p | ||
| 942 | |c BK | ||
| 945 | |d 20061222 00:00:00 |a jtorresc | ||
| 260 | |a Barcelona |b Paidós Ibérica |c 2003 | ||
| 650 | 7 | |a DESCUBRIMIENTOS CIENTIFICOS |2 CL-VaPUC |9 334499 | |
| 650 | 7 | |a INNOVACIONES TECNOLOGICAS |2 CL-VaPUC |9 503452 | |
| 650 | 0 | |a Progreso científico |9 347795 | |
| 650 | 0 | |a Cambio tecnológico |9 334821 | |
| 583 | |a last modification |c 20061222 00:00:00 |k Rodrigo Vera | ||
| 999 | |c 318740 |d 318738 | ||
| 952 | |0 0 |1 0 |4 0 |6 609_000000000000000_HOR_2003 |7 0 |8 A |9 396784 |a BIBCUR |b BIBCUR |d 2019-11-22 |i 4309154 |o 609 HOR 2003 |p 4309154 |r 2025-04-22 |w 2019-11-22 |y BK |k FIS | ||